Inspirasi kristal : teknik dan design :

Bibliographic Details
Main Author: Aida Mohd Noor
Format: Book
Published: KL : Synergy Media , [s.n]
Series:Siri hidayah Islam
Subjects:

MARC

LEADER 00000cam a2200000 7i4500
001 0000035901
005 20160211.0
008 130523
020 |a 9833669905 
090 0 0 |a 745.5942   |b AID 
100 0 |a Aida Mohd Noor 
245 1 0 |a Inspirasi kristal :   |b teknik dan design :   |b cantik, simple & moden   |c Aida Mohd Noor 
260 |a KL :   |b Synergy Media ,   |c [s.n] 
440 |a Siri hidayah Islam 
650 0 |a Beadwork   |x Patterns 
650 0 |a Jewelry making 
650 0 |a Swarovski (Firm) 
999 |a 0001181418   |b Book   |c Adult Collection   |e Cawangan Bandar Tenggara 
999 |a 0001181419   |b Book   |c Adult Collection   |e Cawangan Mersing 
999 |a 0001181421   |b Book   |c Adult Collection   |e Cawangan Segamat 
999 |a 0001181424   |b Book   |c Adult Collection   |e Cawangan Pontian 
999 |a 0001181425   |b Book   |c Adult Collection   |e Cawangan Taman Sri Lambak 
999 |a 0001181426   |b Book   |c Adult Collection   |e Cawangan Tmn. Ungku Tun Aminah 
999 |a 0001181427   |b Book   |c Adult Collection   |e Cawangan Kota Tinggi 
999 |a 0001181428   |b Book   |c Adult Collection   |e Cawangan Bandar Penawar 
999 |a 0001181429   |b Book   |c Adult Collection   |e Cawangan Tangkak 
999 |a 0001181430   |b Book   |c Adult Collection   |e Cawangan Bukit Gambir 
999 |a 0001181431   |b Book   |c Adult Collection   |e Perbadanan Perpustakaan Awam Johor